| 000 | 00819nam a2200253Ia 4500 | ||
|---|---|---|---|
| 003 | OSt | ||
| 005 | 20220918204232.0 | ||
| 006 | a|||||r|||| 00| 0 | ||
| 007 | ta | ||
| 008 | 220917b |||||||| |||| 00| 0 eng d | ||
| 024 | _a111,673 | ||
| 037 | _cTextual | ||
| 040 |
_aARTS _cARTS _beng |
||
| 041 |
_2eng _aeng |
||
| 082 | _aV541:1(J).N3, L0 | ||
| 100 |
_aMalefakis Edward E _9111233 |
||
| 245 | 0 |
_aAgrarian reform and present revolution in Spain _b Origins of the civil war |
|
| 260 |
_aHaven _band London Yale Unviersity Press _c1970 |
||
| 300 |
_axix, 469p. illus _ccm. |
||
| 500 | _aAppendix p401-438 (A-D); Glossary of Spanish words p439-440; Selected Bibliography p441-452 | ||
| 650 | _aHISTORY | ||
| 942 |
_hV541:1(J).N3, L0 _cTEXL _2CC |
||
| 999 |
_c235022 _d235022 |
||